Yoga-Karnika : (Record no. 133013)
[ view plain ]
| 000 -LEADER | |
|---|---|
| fixed length control field | 00774nam a22002417a 4500 |
| 005 - DATE AND TIME OF LATEST TRANSACTION | |
| control field | 20170124110202.0 |
| 010 ## - LIBRARY OF CONGRESS CONTROL NUMBER | |
| LC control number | A-116985 |
| 020 ## - INTERNATIONAL STANDARD BOOK NUMBER | |
| Terms of availability | 50.00 |
| 035 ## - SYSTEM CONTROL NUMBER | |
| System control number | A-116985 |
| 037 ## - SOURCE OF ACQUISITION | |
| Source of stock number/acquisition | Cen Lib/Ret |
| 040 ## - CATALOGING SOURCE | |
| Original cataloging agency | DPL |
| Language of cataloging | EN |
| 082 ## - DEWEY DECIMAL CLASSIFICATION NUMBER | |
| Classification number | 181.432 |
| Item number | AGH |
| 100 ## - MAIN ENTRY--PERSONAL NAME | |
| Personal name | Aghorananda, Nath |
| 9 (RLIN) | 36519 |
| 245 ## - TITLE STATEMENT | |
| Title | Yoga-Karnika : |
| Statement of responsibility, etc | by Nath Aghorananda ; edited by Narendra Nath Sharma |
| Remainder of title | an ancient treatise on yoga / |
| 260 ## - PUBLICATION, DISTRIBUTION, ETC. (IMPRINT) | |
| Place of publication, distribution, etc | Delhi |
| Name of publisher, distributor, etc | Eastern Book Linkers |
| Date of publication, distribution, etc | 1981 |
| 270 ## - ADDRESS | |
| Address | 5825, New Chandrawal Road , Jawahar Nagar |
| City | Delhi |
| Postal code | 110007 |
| 300 ## - PHYSICAL DESCRIPTION | |
| Extent | xx,125p. |
| Dimensions | 21cm(Hb) |
| 500 ## - GENERAL NOTE | |
| General note | Includes index |
| 650 ## - SUBJECT ADDED ENTRY--TOPICAL TERM | |
| Topical term or geographic name as entry element | Mysticism--Hinduism |
| 9 (RLIN) | 12081 |
| 650 ## - SUBJECT ADDED ENTRY--TOPICAL TERM | |
| Topical term or geographic name as entry element | Philosophy, Indic |
| 9 (RLIN) | 88280 |
| 700 ## - ADDED ENTRY--PERSONAL NAME | |
| Personal name | Sharma, Narendra Nath |
| 9 (RLIN) | 36521 |
| 942 ## - ADDED ENTRY ELEMENTS (KOHA) | |
| Source of classification or shelving scheme | Dewey Decimal Classification |
| Koha item type | English Books |
| Classification part | 181.432 |
| Call number suffix | SHA |
| Withdrawn status | Lost status | Damaged status | Not for loan | Home library | Current library | Date acquired | Source of acquisition | Cost, normal purchase price | Total Checkouts | Full call number | Barcode | Date last seen | Copy number | Cost, replacement price | Price effective from | Koha item type | Public note |
|---|---|---|---|---|---|---|---|---|---|---|---|---|---|---|---|---|---|
| Written off | Central Library | Central Library | 24/07/2015 | Cen Lib/Ret | 50.00 | 181.432 AGH | A-116985 | 24/07/2015 | 1 | 50.00 | 24/07/2015 | English Books | W/d list no. 6813/1 |
